Management contracts : (Record no. 548484)
[ view plain ]
| 000 -LEADER | |
|---|---|
| fixed length control field | 00595cam a2200169 a 4500 |
| 020 ## - INTERNATIONAL STANDARD BOOK NUMBER | |
| International Standard Book Number | 0821309242 (pbk.) |
| 082 00 - DEWEY DECIMAL CLASSIFICATION NUMBER | |
| Classification number | 658 |
| Author Mark | HEG |
| -- | D |
| 100 1# - MAIN ENTRY--PERSONAL NAME | |
| Personal name | Hegstad, Sven Olaf, |
| 9 (RLIN) | 44801 |
| 245 10 - TITLE STATEMENT | |
| Title | Management contracts : |
| Remainder of title | main features and design issues / |
| Statement of responsibility, etc. | Sven Olaf Hegstad and Ian Newport. |
| 260 ## - PUBLICATION, DISTRIBUTION, ETC. | |
| Place of publication, distribution, etc. | Washington, D.C. : |
| Name of publisher, distributor, etc. | World Bank, |
| Date of publication, distribution, etc. | [1987] |
| 300 ## - PHYSICAL DESCRIPTION | |
| Extent | viii, 59 p. ; |
| Dimensions | 28 cm. |
| 490 1# - SERIES STATEMENT | |
| Series statement | World Bank technical paper, |
| -- | Industry and finance series, |
| 526 ## - STUDY PROGRAM INFORMATION NOTE | |
| Program name | 0 |
| Interest level | 0 |
| Reading level | 0 |
| Title point value | 658_000000000000000_HEG |
| 650 #0 - SUBJECT ADDED ENTRY--TOPICAL TERM | |
| Topical term or geographic name entry element | Management contracts. |
| 9 (RLIN) | 44802 |
| 700 1# - ADDED ENTRY--PERSONAL NAME | |
| Personal name | Newport, Ian. |
| 9 (RLIN) | 44803 |
| 942 ## - ADDED ENTRY ELEMENTS (KOHA) | |
| Source of classification or shelving scheme | |
| Koha item type | Book |
| Withdrawn status | Lost status | Source of classification or shelving scheme | Damaged status | Not for loan | Permanent Location | Current Location | Date acquired | Total Checkouts | Full call number | Barcode | Date last seen | Price effective from | Koha item type |
|---|---|---|---|---|---|---|---|---|---|---|---|---|---|
| Military College of Engineering (MCE) | Military College of Engineering (MCE) | 08/28/2014 | 658 HEG | MCE-42497 | 08/28/2014 | 08/28/2014 | Book |
